| 000 | 00000nas 2200000za 4500 |
| 001 | 9.500482 |
| 003 | CaOODSP |
| 005 | 20221107132856 |
| 007 | cr ||||||||||| |
| 008 | 150406d20082014oncar pso||||f0 b0fre|d |
| 040 | |aCaOODSP|bfre |
| 041 | |afre|aeng |
| 043 | |an-cn--- |
| 086 | 1 |aF71-2-PDF |
| 110 | 1 |aCanada.|bMonnaie royale canadienne. |
| 245 | 10|aAccess to Information Act, ... annual report |h[ressource électronique] = |bLoi sur l'accès à l'information, rapport annuel de ... |
| 246 | 11|aLoi sur l’accès à l'information, rapport annuel de ... |
| 260 | |a[Ottawa] : |bRoyal Canadian Mint = Monnaie royale canadienne, |c[2009-2014] |
| 310 | |aAnnuel |
| 362 | 1 |aParaît depuis 2008; ne paraît plus après 2013-2014. |
| 500 | |aTitre de la couv. |
| 520 | |a« Le présent rapport annuel rend compte de l’administration, par la Monnaie royale canadienne, de la Loi sur l’accès à l’information pendant la période allant [...]. Le rapport annuel est préparé et déposé au Parlement conformément à l’article 72 de cette Loi. »- Introduction, 2013-2014. |
| 546 | |aTexte en anglais et en français. |
| 692 | 07|2gccst|aAccès à l'information |
| 692 | 07|2gccst|aMonnaie |
| 780 | 00|tAnnual report to Parliament. |w(CaOODSP)9.851922 |
| 785 | 00|tReport on the administration of the Access to Information Act, ... annual report |w(CaOODSP)9.826472 |
| 791 | |tAccess to Information Act, ... annual report |eeng|w(CaOODSP)9.500481 |